Guide to client/server databases / (Registro nro. 2624)
[ vista simple ]
| 000 -CABECERA | |
|---|---|
| Campo de control | 00873nam a2200253 a 4500 |
| 005 - FECHA Y HORA DE LA ULTIMA TRANSACCION | |
| Campo de control | 20160429141831.0 |
| 008 - ELEMENTOS DE LONGITUD FIJA—INFORMACION GENERAL | |
| Campo de control | 951010s1995 caua 001 0 eng |
| 020 ## - ISBN | |
| ISBN | 1562763105 |
| 040 ## - FUENTE DE CATALOGACIÓN | |
| Agencia catalogadora original | DLC |
| Agencia transcriptora | DLC |
| Agencia Modificadora | CO-BoIAVH |
| 041 0# - IDIOMA | |
| Código de idioma para texto/pista de sonido o título separado | Inglés |
| 044 ## - PAÍS DE PUBLICACIÓN | |
| País de publicación | Colombia |
| 082 00 - NUMERO DE CLASIFICACION DECIMAL DEWEY | |
| Número de clasificación | 005.758 |
| Número del ítem | S16g |
| 100 1# - ASIENTO PRINCIPAL--NOMBRE PERSONAL | |
| Nombre personal | Salemi, Joe. |
| Término relacionado | autor |
| 9 (RLIN) | 66903 |
| 245 10 - MENCION DE TITULO | |
| Título | Guide to client/server databases / |
| Mención de responsabilidad | Joe Salemi. |
| 250 ## - MENCION DE EDICION | |
| Mención de edición | Segunda edición |
| 260 ## - PUBLICACION, DISTRIBUCION, ETC. (PIE DE IMPRENTA) | |
| Lugar de publicación, distribución, etc. | Emeryville, Calif. : |
| Nombre del editor, distribuidor, etc. | Ziff-Davis Press, |
| Fecha de publicación, distribución, etc. | c1995. |
| 300 ## - DESCRIPCION FISICA | |
| Extensión | xviii, 312 p.áginas: |
| Otros detalles físicos | ilustraciones ; |
| Dimensiones | 24 x 19 centímetros |
| 500 ## - NOTA GENERAL | |
| Nota general | Incluye índice. |
| 650 14 - ASIENTO SECUNDARIO DE MATERIA - TERMINO TEMATICO | |
| Término temático o nombre geográfico como elemento de entrada | Procesamiento de datos |
| Subdivisión general | Procesamiennto distribuido. |
| 9 (RLIN) | 66904 |
| 650 24 - ASIENTO SECUNDARIO DE MATERIA - TERMINO TEMATICO | |
| Término temático o nombre geográfico como elemento de entrada | Base de datos |
| Subdivisión general | administración |
| 9 (RLIN) | 66905 |
| 650 24 - ASIENTO SECUNDARIO DE MATERIA - TERMINO TEMATICO | |
| Término temático o nombre geográfico como elemento de entrada | Cliente/servidor computación |
| 9 (RLIN) | 66901 |
| 700 1# - ASIENTO SECUNDARIO - NOMBRE PERSONAL | |
| Nombre personal | Salemi, Joe. |
| Title of a work | PC magazine guide to client/server databases. |
| 9 (RLIN) | 66906 |
| 942 ## - ELEMENTOS ADICIONALES (KOHA) | |
| Sistema de clasificación | Dewey Decimal Classification |
| Tipo de ítem | Libro |
| Withdrawn status | Lost status | Sistema de Clasificación | Damaged status | No para préstamo | Colección | Ubicación Permanente | Ubicación actual | Fecha de adquisición | Fuente de Valor | Total Checkouts | Número topográfico | Inventario / Código de Barras | Date last seen | Ejemplar | Price effective from | Forma de adquisición | Tipo de material |
|---|---|---|---|---|---|---|---|---|---|---|---|---|---|---|---|---|---|
| Dewey Decimal Classification | TIC | Villa de Leyva | Villa de Leyva | 04/06/2002 | Varón, Andrés | LB-005.758 S16g | 003202 | 04/12/2012 | Ej. 1 | 04/12/2012 | Donación | Libro |